| 000 | 01346nam a2200301Ia 4500 | ||
|---|---|---|---|
| 001 | ebr10696126 | ||
| 003 | CaPaEBR | ||
| 006 | m u | ||
| 007 | cr cn||||||||| | ||
| 008 | 130516s2012 enk s 000 0 eng d | ||
| 020 | _z1904380824 | ||
| 020 | _z9781904380825 | ||
| 020 | _z9781908162076 | ||
| 040 |
_aCaPaEBR _cCaPaEBR |
||
| 035 | _a(OCoLC)844940542 | ||
| 050 | 1 | 4 |
_aJC328.3 _b.H657 2012eb |
| 100 | 1 | _aHostettler, John. | |
| 245 | 1 | 0 |
_aDissenters, radicals, heretics and blasphemers _h[electronic resource] : _bthe flame of revolt that shines through English history / _cJohn Hostettler. |
| 260 |
_a[Sherfield on Loddon, Hook, Hampshire [England]] : _bWaterside Press ; _aPortland, Or. : _bInternational Specialised Book Services, North American distributor, _c2012. |
||
| 300 | _axiii, 280 p. | ||
| 533 |
_aElectronic reproduction. _bPalo Alto, Calif. : _cebrary, _d2013. _nAvailable via World Wide Web. _nAccess may be limited to ebrary affiliated libraries. |
||
| 650 | 0 |
_aDissenters _zGreat Britain _xHistory. |
|
| 650 | 0 |
_aGovernment, Resistance to _zGreat Britain _xHistory. |
|
| 650 | 0 |
_aHuman rights _zEngland _xHistory. |
|
| 655 | 7 |
_aElectronic books. _2local |
|
| 710 | 2 | _aebrary, Inc. | |
| 856 | 4 | 0 |
_uhttp://site.ebrary.com/lib/rucke/Doc?id=10696126 _zAn electronic book accessible through the World Wide Web; click to view |
| 999 |
_c8603 _d8603 |
||